000 00347pab a2200145 454500
008 180718b2001 xxu||||| |||| 00| 0 eng d
100 _aJaiswal, M.P.
245 _aE-Commerce system and management practices
260 _c2001
300 _ap.1-3
650 _aManagement
650 _aElectronic commerce
773 _aVision
909 _a51461
999 _c51461
_d51461